1750 1975 1098 1156 1838 1107 1210 1402 1547 1422 1025 1857 1766 1031 1593 1205 1491 1808 1641 1586 1812 1449 1093 1847 1829 1797 1207 1373 1873 1624 1746 1807 1009 1827 1579 1128 1105 1413 1429 1839 1528 1112 1289 1708 1891 1627 1162 1874 1048 1823 1111 1018 1529 1415 1692 1216 1890 1955 1815 1340 1996 1342 1400 1329 1915 1075 1102 1243 1526 1589 1913 1437 1135 1981 1054 1655 1288 1207 1211 1136 1687 1152 1306 1420 1053 1049 1816 1768 1878 1901 1070 1983 1552 1047 1725 1890 1395 1200 1437 BCNSPRNW ULIB Ver.6.0+V

เปลี่ยนเป็นภาษาไทย

Change to English
 แสดงรายละเอียดบรรณานุกรม
  กลับหน้าหลัก

Brief Record : Get Marc (ISO 2709) : E-mail record : QR code < ปิดหน้าต่าง
LEADER : 00000nam 2200000uu 4500
001    13399114853
003     ULIB
008    020711s2546 th a 000 0 tha d
099    ^aวจ.WK810^bข226ร
245    ^aการศึกษาและการพัฒนาศักยภาพการดูแลผู้ป่วยโรคเบาหวาน
260    ^a ^bม.ป.ท.,^c2546
650    ผู้ป่วยโรคเบาหวาน^xศักยภาพการดูแล
945    ^p0^l0^i015529
999    ^aวรรณษา ชูชัยมงคล
รายการนี้ยังไม่มีแท็ก
คุณยังไม่ได้ล็อกอิน คุณสามารถมีกิจกรรมร่วมกับเว็บไซต์ได้ แต่ต้องล็อกอินก่อน ::
  ล็อกอิน

รายการสื่อสารสนเทศ

ลำดับที่ ประเภท เลขเรียก/บาร์โค้ด สถานที่ สถานะ
1. งานวิจัย
งานวิจัย
วจ.WK810 ข226ร  
  Barcode: 015529
ห้องสมุดวิทยาเขตสวรรค์ประชารักษ์
►วิจัย
บนชั้น

รายการใกล้เคียง
    ผู้แต่ง []

BibComment


ยังไม่เคยถูกคอมเมนท์

คอมเมนท์ทรัพยากรรายการนี้
  คอมเมนท์: การศึกษาและการพั..


 Copyright 2026. Bcnsprnw @Library